| 000 | 00434nam a2200181Ia 4500 | ||
|---|---|---|---|
| 003 | OSt | ||
| 005 | 20260116093146.0 | ||
| 008 | 210210b1961 xxu||||| |||| 00| 0 eng d | ||
| 040 | _cAL | ||
| 041 | _aKannada | ||
| 082 | _a859/892 | ||
| 100 |
_aNARASIMHAMURTI PUTTURU _9145288 |
||
| 245 |
_aSamhara-3: _bಸಂಹಾರ |
||
| 260 |
_aBengaluru _b- _c1961 |
||
| 690 |
_aKannada Fiction _9145289 |
||
| 906 | _a021651 | ||
| 942 |
_2ddc _cBK |
||
| 999 |
_c145745 _d145745 |
||